| 000 | 00397pam a2200157 a 4500 | ||
|---|---|---|---|
| 020 |
_a9788131242407 _c |
||
| 041 | _aeng | ||
| 082 |
_a618 _bDAF |
||
| 100 | _aDAFTARY S.N. CHAKRAVARTI S. PAI M.V. . | ||
| 245 |
_aHALLAND & BREWS MANUAL OF OBSTRICAS _hTextual Documents |
||
| 250 | _a4. | ||
| 260 | _bELSEVIER CHIRCHILL | ||
| 300 |
_a672: _bXXI; _cPB. |
||
| 930 | _a8571 | ||
| 999 |
_c803098 _d803098 |
||
| 650 | _aOBST.GYNE | ||